[Event "Vicente Lopez ProAm 100 Years op"]
[Site "Buenos Aires"]
[Date "2022.10.12"]
[Round "2"]
[White "Mayeregger Gonzalez, Fiorella Allegra"]
[Black "Barrera Caicedo, Hubert Steven"]
[Result "0-1"]
[WhiteElo "1367"]
[BlackElo "1850"]
[PlyCount "92"]
[EventDate "2022.10.11"]
[EventType "swiss"]
[EventRounds "9"]
[EventCountry "ARG"]
[SourceTitle "CBM 210 Extra"]
[Source "ChessBase"]
[SourceDate "2022.11.30"]
[SourceVersion "1"]
[SourceVersionDate "2022.11.30"]
[SourceQuality "1"]

1. Nf3 Nf6 2. c4 e6 3. e3 d5 4. d4 c5 5. Nc3 cxd4 6. exd4 dxc4 7. Bxc4 Be7 8. 0-0 0-0 9. Be3 Nc6 10. h3 Bd7 11. a3 Rc8 12. Qe2 Qa5 13. Rac1 Rfd8 14. Rfd1 Qh5 15. Ne5 Nxe5 16. Qxh5 Nxh5 17. Be2 Nc4 18. Bxh5 Nxb2 19. Rf1 Bxa3 20. Ne4 Rxc1 21. Bxc1 Bb5 22. Bxb2 Bxb2 23. Rb1 Bd3 24. Rxb2 Bxe4 25. f3 Bc6 26. f4 Rxd4 27. g3 g6 28. Be2 a5 29. Ra2 a4 30. Kf2 b5 31. Ke3 Rd6 32. Rb2 a3 33. Ra2 b4 34. Bc4 Bd5 35. Kd4 Bxc4+ 36. Kxc4 Rb6 37. Kb3 h5 38. Rc2 Kg7 39. h4 Kf6 40. Rc5 Ra6 41. Ka2 b3+ 42. Ka1 b2+ 43. Ka2 Rb6 44. Kb1 a2+ 45. Kxa2 b1Q+ 46. Ka3 Qa1# 0-1

[Event "Misiones op"]
[Site "Misiones"]
[Date "2022.07.10"]
[Round "5"]
[White "Barrera Caicedo, Hubert Steven"]
[Black "Ferendiuk, Hugo"]
[Result "1-0"]
[WhiteElo "1843"]
[BlackElo "1564"]
[PlyCount "68"]
[EventDate "2022.07.09"]
[EventType "swiss"]
[EventRounds "6"]
[EventCountry "ARG"]
[SourceTitle "CBM 209 Extra"]
[Source "ChessBase"]
[SourceDate "2022.09.30"]
[SourceVersion "1"]
[SourceVersionDate "2022.09.30"]
[SourceQuality "1"]

1. e4 d6 2. d4 Nf6 3. Nc3 g6 4. Bg5 Bg7 5. Qd2 c6 6. f3 b5 7. a3 Nbd7 8. Nh3 Qc7 9. Nf2 Bb7 10. Be2 a6 11. Bh6 Bxh6 12. Qxh6 c5 13. d5 0-0-0 14. 0-0 Rdf8 15. a4 b4 16. Na2 Rhg8 17. Qe3 g5 18. Nc1 h5 19. c3 a5 20. cxb4 axb4 21. a5 Kb8 22. a6 Bc8 23. Nb3 Ne5 24. Rfc1 g4 25. f4 g3 26. hxg3 Neg4 27. Nxg4 Nxg4 28. Qd3 Rg7 29. Qb5+ Ka7 30. Nd4 Rfg8 31. Qa4 Qb6 32. Nc6+ Ka8 33. Bxg4 Rxg4 34. Nxe7 Re8 1-0

[Event "Bogota Excalibur op"]
[Site "Bogota"]
[Date "2022.03.19"]
[Round "2"]
[White "Pena Canon, Javier Orlando"]
[Black "Barrera Caicedo, Hubert Steven"]
[Result "0-1"]
[WhiteElo "1535"]
[BlackElo "1870"]
[PlyCount "70"]
[EventDate "2022.03.18"]
[EventType "swiss"]
[EventRounds "7"]
[EventCountry "COL"]
[SourceTitle "CBM 207 Extra"]
[Source "ChessBase"]
[SourceDate "2022.05.31"]
[SourceVersion "1"]
[SourceVersionDate "2022.05.31"]
[SourceQuality "1"]

1. d4 d5 2. Bf4 Nf6 3. e3 e6 4. Nf3 Bd6 5. Nbd2 0-0 6. Ne5 c5 7. c3 Nc6 8. Bg3 Bxe5 9. dxe5 Nd7 10. Nf3 Qc7 11. Bd3 Ndxe5 12. Bxh7+ Kxh7 13. Nxe5 Nxe5 14. Qh5+ Kg8 15. Bxe5 Qe7 16. 0-0-0 f6 17. Bg3 Qf7 18. Qf3 b6 19. Qe2 a5 20. Qb5 Qb7 21. Rhe1 Bd7 22. Qd3 Bc6 23. f3 Rfd8 24. Qg6 b5 25. Bh4 Qf7 26. Qxf7+ Kxf7 27. Bf2 e5 28. Kc2 Rd7 29. b3 b4 30. Rd2 bxc3 31. Kxc3 a4 32. Rb1 axb3 33. Rxb3 d4+ 34. Kb2 c4 35. Rb6 c3+ 0-1

[Event "Manizales Las Americas op-B"]
[Site "Manizales"]
[Date "2021.10.16"]
[Round "4"]
[White "Barrera Caicedo, Hubert Steven"]
[Black "Diaz, Luisa Fernanda"]
[Result "1-0"]
[WhiteElo "1943"]
[BlackElo "1739"]
[PlyCount "69"]
[EventDate "2021.10.14"]
[EventType "swiss"]
[EventRounds "9"]
[EventCountry "COL"]
[SourceTitle "EXT 2023"]
[Source "ChessBase"]
[SourceDate "2022.10.05"]
[SourceVersion "1"]
[SourceVersionDate "2022.10.05"]
[SourceQuality "1"]

1. e4 g6 2. d4 Bg7 3. h4 d6 4. Nc3 Nf6 5. Be2 Nbd7 6. Be3 a6 7. a4 b6 8. Bf3 Bb7 9. Nge2 Rb8 10. Ng3 c5 11. h5 h6 12. Qd2 g5 13. Nf5 Rg8 14. g4 Qc7 15. 0-0-0 b5 16. axb5 axb5 17. Nxb5 Qb6 18. c4 Bxe4 19. Bxe4 Nxe4 20. Qd3 Nef6 21. f3 Qa5 22. Qa3 Qxa3 23. Nxa3 cxd4 24. Bxd4 Nc5 25. Nxg7+ Rxg7 26. Bxf6 exf6 27. Rxd6 Ke7 28. Rd5 Ne6 29. Rhd1 Rgg8 30. Rd7+ Kf8 31. Nb5 Kg7 32. Nd6 Rgf8 33. Nf5+ Kh7 34. R1d6 Rbe8 35. b4 1-0

[Event "Buenaventura op"]
[Site "Buenaventura"]
[Date "2021.10.09"]
[Round "4"]
[White "Barrera Caicedo, Hubert Steven"]
[Black "Diaz Sierra, Carlos Alberto"]
[Result "1/2-1/2"]
[WhiteElo "1943"]
[BlackElo "1754"]
[PlyCount "152"]
[EventDate "2021.10.08"]
[EventType "swiss"]
[EventRounds "7"]
[EventCountry "COL"]
[SourceTitle "EXT 2023"]
[Source "ChessBase"]
[SourceDate "2022.10.05"]
[SourceVersion "1"]
[SourceVersionDate "2022.10.05"]
[SourceQuality "1"]

1. e4 e6 2. Nf3 d5 3. exd5 exd5 4. d4 Nf6 5. Bd3 Bd6 6. 0-0 0-0 7. Bg5 Bg4 8. h3 Bh5 9. Re1 Nbd7 10. Nbd2 c6 11. c3 Qc7 12. Qc2 Rfe8 13. Rxe8+ Rxe8 14. Re1 Rxe1+ 15. Nxe1 Bf4 16. Bxf4 Qxf4 17. Nf1 Bg6 18. Bxg6 hxg6 19. Qd2 Qf5 20. Qd3 Ne4 21. f3 Nd6 22. Qxf5 gxf5 23. Nd3 Nc4 24. Kf2 Kf8 25. Ne3 Nd6 26. Nc5 Ke7 27. Nxd7 Kxd7 28. Ke2 f4 29. Ng4 Nf5 30. Kf2 f6 31. Ke2 Ng3+ 32. Ke1 Nf5 33. Ke2 Ng3+ 34. Kd1 Nf5 35. Ke1 Kd6 36. Nf2 Ne3 37. Nd3 Nxg2+ 38. Kf2 Ne3 39. Nxf4 Nf5 40. Nd3 b6 41. f4 c5 42. dxc5+ bxc5 43. Kf3 a5 44. b3 g6 45. Nf2 Ke6 46. Nd3 Kd6 47. Nf2 Ke6 48. c4 dxc4 49. bxc4 Nd6 50. Ne4 Nxc4 51. Nxc5+ Kf5 52. Ne4 Ke6 53. Nc5+ Kf5 54. Ne4 Ke6 55. h4 Kf5 56. Ng3+ Ke6 57. Ke4 Nd6+ 58. Kf3 a4 59. Ne4 Nf5 60. Nc5+ Kd5 61. Nxa4 Nxh4+ 62. Kg4 Nf5 63. Nb6+ Kc6 64. Nc4 Kd5 65. Nb6+ Kc6 66. Nc4 Kd5 67. Nd2 Nh6+ 68. Kf3 g5 69. Kg3 Nf5+ 70. Kg4 Ne3+ 71. Kf3 Nc4 72. Nb3 Nd6 73. Kg4 gxf4 74. Kxf4 Kc4 75. Nd2+ Kb4 76. Ne4 Nxe4 1/2-1/2

[Event "Buenaventura op"]
[Site "Buenaventura"]
[Date "2021.10.08"]
[Round "2"]
[White "Barrera Caicedo, Hubert Steven"]
[Black "Sinisterra Sabi, Cristian David"]
[Result "1-0"]
[WhiteElo "1943"]
[BlackElo "1600"]
[PlyCount "95"]
[EventDate "2021.10.08"]
[EventType "swiss"]
[EventRounds "7"]
[EventCountry "COL"]
[SourceTitle "EXT 2023"]
[Source "ChessBase"]
[SourceDate "2022.10.05"]
[SourceVersion "1"]
[SourceVersionDate "2022.10.05"]
[SourceQuality "1"]

1. e4 d6 2. d4 Nf6 3. Nc3 g6 4. Bg5 Bg7 5. Qd2 h6 6. Be3 Ng4 7. Bf4 Nd7 8. f3 Ngf6 9. Bc4 c6 10. Bb3 b5 11. d5 b4 12. dxc6 Nc5 13. Na4 Nxb3 14. cxb3 Ba6 15. Ne2 Qc7 16. Rc1 Rb8 17. 0-0 0-0 18. Rfe1 Kh7 19. Kh1 Rfc8 20. Ng3 Bb5 21. e5 Ne8 22. exd6 Nxd6 23. Qxb4 Bxc6 24. Qc5 Qd7 25. Qe3 Bxa4 26. Rxc8 Rxc8 27. bxa4 e5 28. Bxe5 Bxe5 29. Qxe5 Re8 30. Qc3 Rxe1+ 31. Qxe1 Qxa4 32. Qb1 Nc4 33. b3 Nd2 34. Qxg6+ fxg6 35. bxa4 Nb1 36. Ne4 Kg7 37. Kg1 Na3 38. Kf2 Nc4 39. Ke2 Nb6 40. Nc5 Kf6 41. Kd3 Ke5 42. a5 Nd5 43. g3 Nc7 44. Kc4 Kd6 45. f4 Kc6 46. Nd3 Kd6 47. Ne5 g5 48. Nf7+ 1-0

[Event "VEN-ch U18"]
[Site "San Antonio de los Altos"]
[Date "2016.04.01"]
[Round "2"]
[White "Pereira Perez, Raul Alejandro"]
[Black "Barrera Caicedo, Hubert Steven"]
[Result "0-1"]
[WhiteElo "1968"]
[BlackElo "1838"]
[PlyCount "98"]
[EventDate "2016.04.01"]
[EventType "swiss"]
[EventRounds "7"]
[EventCountry "VEN"]
[SourceTitle "EXT 2018"]
[Source "ChessBase"]
[SourceDate "2017.10.13"]
[SourceVersion "1"]
[SourceVersionDate "2017.10.13"]
[SourceQuality "1"]

1. e4 e5 2. Nf3 Nf6 3. Nxe5 d6 4. Nf3 Nxe4 5. Nc3 Nf6 6. d4 Be7 7. Bd3 Nbd7 8. Bf4 Nf8 9. Qd2 Ng6 10. Bg5 0-0 11. h4 Re8 12. 0-0-0 Be6 13. Rde1 Nd5 14. Bxe7 Rxe7 15. Ng5 Nxc3 16. Bxg6 Nxa2+ 17. Kb1 hxg6 18. Nxe6 Rxe6 19. Rxe6 fxe6 20. Kxa2 Qf6 21. h5 Rf8 22. hxg6 Qxg6 23. f3 Rf5 24. Rh4 Qg5 25. Qe1 Qf6 26. Qh1 Kf7 27. c3 Ra5+ 28. Kb3 Qf5 29. Qf1 Qb5+ 30. Qxb5 Rxb5+ 31. Kc2 Rg5 32. Rh2 Rg6 33. Kd3 Rh6 34. Rxh6 gxh6 35. Ke4 Kf6 36. c4 c6 37. c5 dxc5 38. dxc5 e5 39. f4 exf4 40. Kxf4 h5 41. b4 b6 42. Ke4 bxc5 43. bxc5 a5 44. Kd4 a4 45. Kc4 Ke5 46. Kb4 Kd4 47. Kxa4 Kxc5 48. Kb3 Kd4 49. Kc2 Ke3 0-1

[Event "Puerto La Cruz FVA A 1800 a 1999"]
[Site "Puerto La Cruz"]
[Date "2014.07.12"]
[Round "7.5"]
[White "Barrera Caicedo, Hubert Steven"]
[Black "Mendez, Xavier"]
[Result "0-1"]
[WhiteElo "1874"]
[BlackElo "1900"]
[PlyCount "93"]
[EventDate "2014.07.10"]
[EventType "swiss"]
[EventRounds "7"]
[EventCountry "VEN"]
[SourceTitle "EXT 2022"]
[Source "ChessBase"]
[SourceDate "2021.10.06"]
[SourceVersion "1"]
[SourceVersionDate "2021.10.06"]
[SourceQuality "1"]

1. d4 d5 2. Nf3 Nf6 3. c4 e6 4. cxd5 exd5 5. Nc3 c6 6. Bf4 Be7 7. e3 Qa5 8. Bd3 Bg4 9. 0-0 0-0 10. h3 Bh5 11. e4 dxe4 12. Nxe4 Nbd7 13. Re1 Bb4 14. Nxf6+ Nxf6 15. Re5 Bxf3 16. Qxf3 Nd5 17. Bh6 Rfe8 18. Bxh7+ Kxh7 19. Qxf7 Qc7 20. Qf5+ g6 21. Qg5 Rxe5 22. dxe5 Be7 23. Qd2 Qxe5 24. Re1 Qh5 25. Bf4 Qf5 26. Re5 Qf7 27. Bg3 Bf6 28. Re4 Re8 29. Rg4 Qe6 30. Qd3 Qf5 31. Qb3 Re1+ 32. Kh2 b6 33. Qc4 Qe6 34. Qd3 Be5 35. Qd2 Bxg3+ 36. fxg3 Re3 37. Qd4 Qe5 38. Rh4+ Kg7 39. Qg4 Nf6 40. Qf4 Qxf4 41. Rxf4 c5 42. Ra4 a5 43. b3 Re4 44. Ra3 Nd5 45. b4 Re3 46. Rxe3 Nxe3 47. Kg1 0-1

[Event "Puerto La Cruz FVA A 1800 a 1999"]
[Site "Puerto La Cruz"]
[Date "2014.07.10"]
[Round "1.5"]
[White "Barrera Caicedo, Hubert Steven"]
[Black "Mancilla Angarita, Juvenal"]
[Result "1-0"]
[WhiteElo "1874"]
[BlackElo "1948"]
[PlyCount "104"]
[EventDate "2014.07.10"]
[EventType "swiss"]
[EventRounds "7"]
[EventCountry "VEN"]
[SourceTitle "EXT 2022"]
[Source "ChessBase"]
[SourceDate "2021.10.06"]
[SourceVersion "1"]
[SourceVersionDate "2021.10.06"]
[SourceQuality "1"]

1. d4 d5 2. Nf3 Nf6 3. c4 e6 4. Nc3 Nbd7 5. Bg5 c6 6. e3 Qa5 7. cxd5 exd5 8. Qa4 Qxa4 9. Nxa4 Bb4+ 10. Nc3 Ne4 11. Rc1 f6 12. Bf4 0-0 13. Bd3 Re8 14. 0-0 Bxc3 15. bxc3 b5 16. Rfd1 Nb6 17. Nd2 f5 18. f3 Nf6 19. Re1 Be6 20. a3 a6 21. e4 fxe4 22. fxe4 dxe4 23. Nxe4 Nxe4 24. Bxe4 Bd5 25. Bd3 Re6 26. Rxe6 Bxe6 27. Re1 Re8 28. Be4 Bd7 29. Kf2 Rf8 30. Kg3 Nc4 31. d5 c5 32. Bd3 Nb6 33. Bd6 Re8 34. Rxe8+ Bxe8 35. Bxc5 Nxd5 36. c4 Nc7 37. cxb5 Bxb5 38. Bc2 Bc4 39. Be4 g6 40. a4 Kf7 41. a5 Kf6 42. Bd4+ Kf7 43. Kf4 Ne6+ 44. Ke3 Nxd4 45. Kxd4 Bb5 46. Kc5 Ke6 47. Kb6 Kd6 48. Bb7 Bf1 49. g3 g5 50. h4 g4 51. Bc8 Be2 52. Bxa6 Bf3 1-0